[Event "Tournament 14471 - Europe Echecs"]
[Site "Europe Echecs"]
[Date "2020.07.09"]
[Round "1"]
[Time "14:05:03"]
[PlyCount "84"]
[White "ToussaintFlore"]
[Black "TsirulnikovAlic"]
[WhiteElo "1391"]
[BlackElo "1010"]
[Mode "WEB"]
[Result "1-0"]

1. d4 d5 2. Nf3 Nf6 3. Bf4 Nc6 4. e3 Bf5 5. c3 e6 6. Bb5 a6 7. Bxc6+ bxc6 8. Ne5
c5 9. Qa4+ Nd7 10. Nd2 Bd6 11. Ndf3 Bxe5 12. Nxe5 O-O 13. Nxd7 Re8 14. Qc6 h6
15. Bxc7 Qg5 16. Bg3 Rec8 17. Qa4 Bd3 18. Nxc5 Bg6 19. O-O a5 20. Bf4 Qh5 21.
Qd1 Qf5 22. Re1 Bh5 23. Qd3 Qg4 24. f3 Qh4 25. Bg3 Qf6 26. e4 dxe4 27. fxe4 Qg5
28. Qe3 Qf6 29. Nd7 Qg6 30. Ne5 Qf6 31. d5 exd5 32. exd5 Rd8 33. Rf1 Qe7 34. c4
f6 35. Ng4 Qd7 36. Rxf6 gxf6 37. Nxf6+ Kf7 38. Nxd7 Rxd7 39. Qxh6 Bg6 40. Rf1+
Ke7 41. Qxg6 Kd8 42. Rf8+ {TsirulnikovAlic a perdu au temps} 1-0

[Event "Tournament 14471 - Europe Echecs"]
[Site "Europe Echecs"]
[Date "2020.07.09"]
[Round "1"]
[Time "14:05:03"]
[PlyCount "105"]
[White "BernadetDaniel"]
[Black "BerthouJules"]
[WhiteElo "1003"]
[BlackElo "1390"]
[Mode "WEB"]
[Result "0-1"]

1. e4 e5 2. Nf3 Nc6 3. Bc4 Nf6 4. Nc3 Nxe4 5. Nxe4 d5 6. Bxd5 Qxd5 7. Nc3 Qd8 8.
d3 Bg4 9. h3 Bh5 10. O-O Bd6 11. Bd2 Qd7 12. Nxe5 Bxd1 13. Nxd7 Bxc2 14. Ne5
Nxe5 15. Rfe1 O-O-O 16. d4 Nc4 17. Bc1 Rhe8 18. Rxe8 Rxe8 19. g3 Re1+ 20. Kg2 a6
21. b3 Nb6 22. f4 Bb4 23. Bb2 Bxc3 24. Bxc3 Rxa1 25. Bxa1 Kd7 26. Kf3 Kc6 27.
Ke3 Nd5+ 28. Kd2 Be4 29. Ke2 Kb5 30. a3 a5 31. Bb2 a4 32. b4 Kc4 33. Kd2 Kb3 34.
Bc1 Nc3 35. Ke3 Bg2 36. h4 Kc2 37. Bd2 Nb1 38. Be1 Nxa3 39. Kf2 Bc6 40. f5 Nc4
41. b5 Bxb5 42. Kf3 a3 43. Ke4 a2 44. Kd5 a1=Q 45. f6 gxf6 46. g4 Qxe1 47. h5
Qe6+ 48. Kc5 Qc6+ 49. Kb4 Nd2 50. Ka5 Qa6+ 51. Kb4 Qa4+ 52. Kc5 Qc4# {BernadetDaniel est échec et mat} 0-1

[Event "Tournament 14471 - Europe Echecs"]
[Site "Europe Echecs"]
[Date "2020.07.09"]
[Round "1"]
[Time "14:05:03"]
[PlyCount "61"]
[White "BourginePaul"]
[Black "CourjalJuliett"]
[WhiteElo "999"]
[BlackElo "1388"]
[Mode "WEB"]
[Result "0-1"]

1. e4 e5 2. Nf3 Nc6 3. Bc4 Nf6 4. Ng5 d5 5. exd5 Na5 6. Bb5+ c6 7. Ba4 Nxd5 8.
O-O Qxg5 9. d4 Qd8 10. dxe5 Be6 11. Nd2 Be7 12. Ne4 O-O 13. Bd2 Nc4 14. b3 Nxe5
15. Qh5 Nf6 16. Qxe5 Nxe4 17. Qxe4 Re8 18. Qf3 Qxd2 19. Rad1 Qxc2 20. Rd4 Qg6
21. b4 Rad8 22. Rf4 Bd6 23. Rh4 Qg5 24. Qh5 Qxh5 25. Rxh5 Bc4 26. Rc1 Bxb4 27.
Bc2 h6 28. Rh4 Ba3 29. Rb1 Bxa2 30. Rxb7 Re1# {BourginePaul est échec et mat} 0-1

[Event "Tournament 14471 - Europe Echecs"]
[Site "Europe Echecs"]
[Date "2020.07.09"]
[Round "1"]
[Time "14:05:03"]
[PlyCount "87"]
[White "PenarrubiaMaxi"]
[Black "BourgineQuenti"]
[WhiteElo "1380"]
[BlackElo "999"]
[Mode "WEB"]
[Result "0-1"]

1. e4 e5 2. Nf3 Nc6 3. d4 d6 4. dxe5 Nxe5 5. Nxe5 dxe5 6. Qxd8+ Kxd8 7. Bc4 Be6
8. Bxe6 fxe6 9. O-O Nf6 10. Nc3 Bd6 11. Bg5 h6 12. Bxf6+ gxf6 13. Rad1 Ke7 14.
Nb5 Bc5 15. Nxc7 Rad8 16. Rxd8 Rxd8 17. Nb5 a6 18. Nc3 Rd2 19. b3 Rxc2 20. Na4
Ba7 21. a3 b5 22. Rd1 Kf8 23. Rd7 Bd4 24. g3 bxa4 25. bxa4 a5 26. Rd8+ Ke7 27.
Ra8 Bc3 28. Rc8 Kd7 29. Rh8 Ra2 30. Rxh6 Rxa3 31. Rxf6 Rxa4 32. Rf3 Bd2 33. Rd3+
Rd4 34. Ra3 Ke7 35. f3 a4 36. Kf2 Bc1 37. Rc3 Bb2 38. Rc2 Ba1 39. Rc1 Bb2 40.
Rc2 a3 41. Re2 a2 42. Re1 a1=Q 43. Rxa1 Bxa1 {PenarrubiaMaxi a abandonné} 0-1

[Event "Tournament 14471 - Europe Echecs"]
[Site "Europe Echecs"]
[Date "2020.07.09"]
[Round "1"]
[Time "14:05:03"]
[PlyCount "101"]
[White "CaillensValent"]
[Black "ThibousLeo"]
[WhiteElo "999"]
[BlackElo "1380"]
[Mode "WEB"]
[Result "0-1"]

1. e4 Nf6 2. Nc3 d5 3. e5 Ne4 4. d4 Nxc3 5. bxc3 c5 6. Bf4 Nc6 7. Nf3 e6 8. Bb5
a6 9. Bxc6+ bxc6 10. O-O Be7 11. Qd2 O-O 12. Rab1 Bd7 13. a4 Rb8 14. h3 Qc7 15.
Bg5 Bxg5 16. Qxg5 h6 17. Qe3 cxd4 18. cxd4 Rxb1 19. Rxb1 Rb8 20. Qc1 c5 21. c3
Bxa4 22. Rxb8+ Qxb8 23. Qa3 Qb5 24. Nd2 c4 25. g3 Bb3 26. h4 a5 27. Kf1 Qa4 28.
Qxa4 Bxa4 29. Ke1 Bc2 30. Nf3 a4 31. Kd2 Bb3 32. Kc1 a3 33. Kb1 a2+ 34. Ka1 Kf8
35. Nd2 Ke7 36. Nxb3 cxb3 37. Kb2 f6 38. f4 Kd7 39. g4 fxe5 40. fxe5 g6 41. h5
gxh5 42. gxh5 Kc6 43. Ka1 Kb5 44. Kb2 Kc4 45. Ka1 Kd3 46. Kb2 a1=Q+ 47. Kxa1 Kc2
48. c4 b2+ 49. Ka2 b1=Q+ 50. Ka3 Qb3# {CaillensValent est échec et mat} 0-1

[Event "Tournament 14471 - Europe Echecs"]
[Site "Europe Echecs"]
[Date "2020.07.09"]
[Round "1"]
[Time "14:05:03"]
[PlyCount "83"]
[White "DubachNicolas"]
[Black "GutcakiDaniil"]
[WhiteElo "999"]
[BlackElo "1373"]
[Mode "WEB"]
[Result "0-1"]

1. d4 e6 2. e4 d5 3. e5 c5 4. c3 Nc6 5. Nf3 c4 6. b3 cxb3 7. axb3 f6 8. Bd3 fxe5
9. dxe5 d4 10. cxd4 Nxd4 11. Nxd4 Bb4+ 12. Kf1 Ne7 13. Nc2 Nd5 14. Qh5+ Kf8 15.
Qf3+ Ke8 16. Bb5+ Bd7 17. Bxd7+ Qxd7 18. Nxb4 Nxb4 19. g3 Rf8 20. Qe2 Nd3 21.
Be3 Rc8 22. Kg2 Qd5+ 23. f3 Nb4 24. Rd1 Rc2 25. Qxc2 Nxc2 26. Rxd5 Nxe3+ 27. Kf2
Nxd5 28. f4 g5 29. Ra4 gxf4 30. Rxa7 fxg3+ 31. Kxg3 Rf7 32. Ra8+ Kd7 33. Rb8 Kc6
34. Rh8 Kb5 35. Rb8 Kb4 36. Nd2 Kc3 37. Ne4+ Kxb3 38. Nc5+ Kc4 39. Nxb7 Rg7+ 40.
Kf3 Kd4 41. Nd8 Kxe5 {DubachNicolas a perdu au temps} 0-1

[Event "Tournament 14471 - Europe Echecs"]
[Site "Europe Echecs"]
[Date "2020.07.09"]
[Round "1"]
[Time "14:05:03"]
[PlyCount "58"]
[White "BelghoulMeyer"]
[Black "RaymondTimothe"]
[WhiteElo "1371"]
[BlackElo "999"]
[Mode "WEB"]
[Result "1-0"]

1. e4 e5 2. Nf3 Nc6 3. d4 f6 4. dxe5 fxe5 5. Bc4 d6 6. O-O Na5 7. Bxg8 Rxg8 8.
Qd5 Nc6 9. Qxg8 Nd4 10. Nxd4 exd4 11. c3 c5 12. cxd4 cxd4 13. Rd1 Qf6 14. Qd5
Bg4 15. Rxd4 Rc8 16. Rc4 Rxc4 17. Qxc4 Qd8 18. Qb5+ Kf7 19. Qd5+ Be6 20. Qh5+ g6
21. Qxh7+ Ke8 22. Qxg6+ Bf7 23. Qg5 Qa5 24. Qxa5 b6 25. Qxa7 Bd5 26. exd5 Bg7
27. Qxg7 Kd8 28. Bg5+ Ke8 29. Qe7# {RaymondTimothe est échec et mat} 1-0

[Event "Tournament 14471 - Europe Echecs"]
[Site "Europe Echecs"]
[Date "2020.07.09"]
[Round "1"]
[Time "14:05:03"]
[PlyCount "145"]
[White "VerdeauxAntoin"]
[Black "AlexGeerjananN"]
[WhiteElo "960"]
[BlackElo "1370"]
[Mode "WEB"]
[Result "1/2-1/2"]

1. e4 e5 2. Nf3 Nc6 3. c3 Nf6 4. d3 d6 5. Nbd2 Bg4 6. d4 g6 7. h3 Bxf3 8. gxf3
Bg7 9. d5 Ne7 10. b3 c6 11. Bb2 cxd5 12. Bb5+ Kf8 13. exd5 Nfxd5 14. Qe2 Nf4 15.
Qe4 Ne6 16. O-O-O Qb6 17. Rhf1 Qxb5 18. c4 Qc6 19. Qe3 Nf5 20. Qc3 Ned4 21. Qd3
Nh4 22. Bxd4 exd4 23. Rde1 Re8 24. Re4 Rxe4 25. Nxe4 Bh6+ 26. Kc2 Kg7 27. Rg1
Nf5 28. Rg4 f6 29. a3 d5 30. Nd2 dxc4 31. bxc4 Qa4+ 32. Kb2 a6 33. Nb3 b5 34.
cxb5 axb5 35. Nc5 Qc4 36. Qxc4 bxc4 37. Ne6+ Kf7 38. Nxd4 Nxd4 39. Rxd4 c3+ 40.
Kxc3 Rc8+ 41. Kb4 Rb8+ 42. Kc5 Rc8+ 43. Kb6 Rb8+ 44. Kc7 Re8 45. a4 Re7+ 46. Kb8
Re8+ 47. Kc7 Re7+ 48. Kb6 Kg7 49. a5 Re6+ 50. Kc7 Re7+ 51. Kc6 Ra7 52. Rd5 Ra6+
53. Kb7 Re6 54. a6 Re7+ 55. Kc8 Re8+ 56. Kd7 Rf8 57. a7 Rf7+ 58. Ke6 Rxa7 59. h4
g5 60. hxg5 fxg5 61. Kf5 Rf7+ 62. Kg4 Rf6 63. Rd7+ Rf7 64. Rd5 Rf6 65. Rd4 Rg6
66. Rd7+ Kh8 67. Rd8+ Kg7 68. Kh5 Re6 69. Rd7+ Kg8 70. Rd8+ Kg7 71. Rd7+ Kg8 72.
Rd8+ Kg7 {Nulle par répétition} 1/2-1/2

[Event "Tournament 14471 - Europe Echecs"]
[Site "Europe Echecs"]
[Date "2020.07.09"]
[Round "1"]
[Time "14:05:03"]
[PlyCount "48"]
[White "CarrollAlden"]
[Black "KulikovaBernie"]
[WhiteElo "1370"]
[BlackElo "800"]
[Mode "WEB"]
[Result "1-0"]

1. e4 e5 2. Nf3 Nf6 3. Nc3 Nc6 4. Bb5 a6 5. Bxc6 bxc6 6. O-O Bb4 7. Nxe5 d6 8.
Nxc6 Qd7 9. Nxb4 O-O 10. d4 Bb7 11. e5 dxe5 12. dxe5 Qxd1 13. Rxd1 Nd7 14. Rxd7
Rac8 15. Bg5 h6 16. Be7 a5 17. Nbd5 Ba6 18. Bxf8 Rxf8 19. Ne7+ Kh8 20. Rad1 h5
21. Rd8 c5 22. Rxf8+ Kh7 23. Rdd8 h4 24. Rh8# {KulikovaBernie est échec et mat} 1-0

[Event "Tournament 14471 - Europe Echecs"]
[Site "Europe Echecs"]
[Date "2020.07.09"]
[Round "2"]
[Time "14:34:42"]
[PlyCount "109"]
[White "GuichonPaul"]
[Black "LamazeSimon"]
[WhiteElo "1486"]
[BlackElo "2185"]
[Mode "WEB"]
[Result "0-1"]

1. e4 c5 2. Nc3 Nc6 3. f4 g6 4. Nf3 Bg7 5. Bb5 Rb8 6. Bxc6 bxc6 7. O-O d6 8. d3
e6 9. Qe1 Ne7 10. Rb1 O-O 11. b3 f5 12. e5 Nd5 13. a3 Qe8 14. Na4 Nb6 15. Nc3 d5
16. Bd2 Rf7 17. Qf2 Bf8 18. Ne2 Ba6 19. c4 Qd8 20. Ng5 Re7 21. Be3 h6 22. Nf3
Reb7 23. Bxc5 dxc4 24. Bxf8 Qxf8 25. dxc4 Nxc4 26. a4 Na3 27. Rb2 Rxb3 28. Rxb3
Rxb3 29. Rd1 c5 30. Rc1 Rb2 31. Re1 Nc2 32. Rd1 Nb4 33. Qg3 Qe8 34. Nc3 Nd3 35.
Rd2 Rxd2 36. Nxd2 c4 37. Qe3 Qd7 38. g3 h5 39. Kf1 Kg7 40. Ke2 Nc1+ 41. Kd1 Nb3
42. Kc2 Nd4+ 43. Kd1 Nb3 44. Kc2 Nxd2 45. Qxd2 Qd3+ 46. Kc1 Qf1+ 47. Kc2 Qd3+
48. Kc1 Kh6 49. h4 Qxg3 50. Qd8 Qxc3+ 51. Kb1 Qd3+ 52. Qxd3 cxd3 53. Kc1 Kg7 54.
Kd2 Kf7 {GuichonPaul a abandonné} 0-1

[Event "Tournament 14471 - Europe Echecs"]
[Site "Europe Echecs"]
[Date "2020.07.09"]
[Round "2"]
[Time "14:34:42"]
[PlyCount "80"]
[White "KuhnClement"]
[Black "OkhanianGiorgi"]
[WhiteElo "2150"]
[BlackElo "1490"]
[Mode "WEB"]
[Result "1-0"]

1. e4 e5 2. Nf3 Nc6 3. Bb5 a6 4. Ba4 Nf6 5. O-O Nxe4 6. Re1 Nd6 7. Nxe5 Be7 8.
d4 O-O 9. c3 Nxe5 10. dxe5 Nf5 11. Bc2 d6 12. exd6 Bxd6 13. Nd2 Be6 14. Nf3 Qd7
15. Ng5 h6 16. Nxe6 fxe6 17. Bf4 Rad8 18. Bxd6 cxd6 19. Qe2 e5 20. Rad1 Rf6 21.
h3 Rdf8 22. Qxe5 Qc7 23. Qe4 Kh8 24. g4 Rg6 25. Qxf5 Rxf5 26. Re8+ Kh7 27. Bxf5
Qf7 28. Re6 Qxe6 29. Bxe6 Rxe6 30. Kf1 Kg6 31. Rd5 Kf6 32. f3 g5 33. Kf2 Ke7 34.
b3 Re5 35. Rxe5+ dxe5 36. Ke3 Kd6 37. Ke4 Ke6 38. c4 b6 39. b4 b5 40. c5 {OkhanianGiorgi a perdu au temps} 1-0

[Event "Tournament 14471 - Europe Echecs"]
[Site "Europe Echecs"]
[Date "2020.07.09"]
[Round "2"]
[Time "14:34:42"]
[PlyCount "130"]
[White "VanDenBrandeNo"]
[Black "MorenoChabotCl"]
[WhiteElo "1931"]
[BlackElo "1476"]
[Mode "WEB"]
[Result "1-0"]

1. d4 Nf6 2. Nf3 e6 3. e3 Be7 4. Bd3 O-O 5. O-O b6 6. Nbd2 Bb7 7. b3 d6 8. Bb2
Nbd7 9. Qe2 Qc8 10. Rfd1 c5 11. Rac1 Rd8 12. h3 Nf8 13. a4 Qd7 14. c4 Ng6 15.
Bb1 Rac8 16. e4 cxd4 17. Nxd4 e5 18. Nf5 Nf4 19. Qe3 g6 20. Nxe7+ Qxe7 21. Kh2
Qd7 22. Nf3 Ne6 23. Nxe5 Qe7 24. Nf3 Nc5 25. Bxf6 Qxf6 26. Nd2 Re8 27. f3 d5 28.
cxd5 Bxd5 29. Nc4 Bxc4 30. Rxc4 Rcd8 31. Rcc1 Rxd1 32. Rxd1 Rd8 33. Rxd8+ Qxd8
34. f4 Qd1 35. Ba2 Qc2 36. b4 Qxa2 37. bxc5 Qxa4 38. cxb6 axb6 39. Qxb6 Qxe4 40.
Qd8+ Kg7 41. Qd6 Qe2 42. Qd4+ Kg8 43. Qf6 Qf2 44. Qg5 Kg7 45. Qe5+ Kg8 46. Qf6
Qe3 47. h4 Qe6 48. Qxe6 fxe6 49. g4 Kf7 50. g5 Kg7 51. Kg3 h6 52. Kf3 hxg5 53.
hxg5 Kf7 54. Ke4 Ke7 55. Ke5 Kf7 56. Kd6 Kg7 57. Kxe6 Kh7 58. Kf6 Kg8 59. Kxg6
Kf8 60. f5 Kg8 61. f6 Kf8 62. f7 Ke7 63. Kg7 Ke6 64. f8=Q Kd7 65. Qf2 {MorenoChabotCl a abandonné} 1-0

[Event "Tournament 14471 - Europe Echecs"]
[Site "Europe Echecs"]
[Date "2020.07.09"]
[Round "2"]
[Time "14:34:42"]
[PlyCount "73"]
[White "PorsoughyanEri"]
[Black "LesueurGabriel"]
[WhiteElo "1474"]
[BlackElo "1906"]
[Mode "WEB"]
[Result "0-1"]

1. e4 e6 2. d4 d5 3. exd5 exd5 4. Bd3 Nc6 5. Nf3 Bg4 6. c3 Bd6 7. O-O Nge7 8.
Bg5 f6 9. Bh4 g5 10. Bg3 h5 11. Bxd6 Qxd6 12. h3 Bd7 13. Na3 g4 14. g3 O-O-O 15.
Nh2 gxh3 16. Re1 f5 17. f4 h4 18. Re3 Rdg8 19. Nf1 hxg3 20. Nxg3 Qxf4 21. Qf3
Qxf3 22. Rxf3 f4 23. Rxf4 Rxg3+ 24. Kf2 Rxd3 25. Re1 h2 26. Kg2 Bf5 27. Nb5 Be4+
28. Rfxe4 dxe4 29. Na3 e3 30. Nc4 e2 31. Ne5 Nxe5 32. dxe5 Rd1 33. Rxe2 h1=Q+
34. Kg3 Rf1 35. Re4 Nf5+ 36. Kg4 Rg8# {PorsoughyanEri est échec et mat} 0-1

[Event "Tournament 14471 - Europe Echecs"]
[Site "Europe Echecs"]
[Date "2020.07.09"]
[Round "2"]
[Time "14:34:42"]
[PlyCount "116"]
[White "BreuilTristan"]
[Black "CeroniArnaud"]
[WhiteElo "1898"]
[BlackElo "1471"]
[Mode "WEB"]
[Result "1-0"]

1. e4 c5 2. Nf3 d6 3. d4 cxd4 4. Nxd4 Nf6 5. Nc3 g6 6. f3 Bg7 7. Be3 Nbd7 8. Qd2
a6 9. Bc4 b5 10. Bd5 Nxd5 11. Nxd5 Bb7 12. Bg5 Bxd5 13. exd5 h6 14. Nc6 Qb6 15.
Bxe7 Bxb2 16. Rb1 Ba3 17. Kf1 Nb8 18. Qc3 Rg8 19. Re1 Nxc6 20. dxc6 Bc5 21.
Bxd6+ Kd8 22. Bxc5 Qxc6 23. Be7+ Kc7 24. Qxc6+ Kxc6 25. Kf2 Rge8 26. Re4 Kd7 27.
Rd1+ Kc7 28. Bd6+ Kb6 29. Rde1 Red8 30. Bf4 Rdc8 31. R1e2 Ra7 32. Be3+ Kb7 33.
Bxa7 Kxa7 34. Re7+ Kb6 35. Rxf7 Ka5 36. Rf6 g5 37. Rxh6 Ka4 38. Rxa6+ Kb4 39.
Rae6 g4 40. R6e4+ Kc3 41. Rxg4 b4 42. Re3+ Kb2 43. Rb3+ Kc1 44. Rgxb4 Kd2 45.
Rd4+ Kxc2 46. Rdd3 Kc1 47. Rdc3+ Rxc3 48. Rxc3+ Kd2 49. Rc8 Kd3 50. Rd8+ Kc2 51.
g4 Kc3 52. g5 Kc4 53. g6 Kc5 54. g7 Kc4 55. g8=Q+ Kc3 56. Rd7 Kc2 57. Qb3+ Kc1
58. Rd1# {CeroniArnaud est échec et mat} 1-0

[Event "Tournament 14471 - Europe Echecs"]
[Site "Europe Echecs"]
[Date "2020.07.09"]
[Round "2"]
[Time "14:34:42"]
[PlyCount "42"]
[White "SiffertArman"]
[Black "RavenelTangi"]
[WhiteElo "1887"]
[BlackElo "1463"]
[Mode "WEB"]
[Result "1-0"]

1. d4 Nf6 2. Bf4 g6 3. Nc3 Bg7 4. e4 d6 5. Qd2 O-O 6. O-O-O Re8 7. h4 h5 8. Bc4
Na6 9. f3 c6 10. Kb1 b5 11. Bb3 Nc7 12. Bh6 a5 13. Bxg7 Kxg7 14. a4 Bd7 15. Nh3
Na6 16. e5 Ng8 17. Qf4 Qc7 18. Qxf7+ Kh6 19. Ng5 Nf6 20. exf6 Rh8 21. Qg7# {RavenelTangi est échec et mat} 1-0

[Event "Tournament 14471 - Europe Echecs"]
[Site "Europe Echecs"]
[Date "2020.07.09"]
[Round "2"]
[Time "14:34:42"]
[PlyCount "48"]
[White "FischlerOscar"]
[Black "MendozaMael"]
[WhiteElo "1864"]
[BlackElo "1451"]
[Mode "WEB"]
[Result "1-0"]

1. Nf3 Nf6 2. g3 g6 3. Bg2 Bg7 4. O-O O-O 5. d4 d5 6. c4 c6 7. cxd5 cxd5 8. Nc3
Nc6 9. Ne5 e6 10. Nxc6 bxc6 11. Bf4 Ba6 12. Qa4 Qb6 13. Rac1 Nd7 14. Rfd1 Rfd8
15. Bd6 Rac8 16. e3 c5 17. Be7 cxd4 18. Bxd8 Rxd8 19. exd4 Bc4 20. b3 Ba6 21.
Bf1 Nb8 22. Bxa6 Nxa6 23. Ne2 Bh6 24. Rc6 {MendozaMael a abandonné} 1-0

[Event "Tournament 14471 - Europe Echecs"]
[Site "Europe Echecs"]
[Date "2020.07.09"]
[Round "2"]
[Time "14:34:42"]
[PlyCount "115"]
[White "NezosiConstant"]
[Black "ValleeLouis"]
[WhiteElo "1458"]
[BlackElo "1864"]
[Mode "WEB"]
[Result "0-1"]

1. d4 d5 2. c4 c6 3. Nc3 Nf6 4. Bf4 e6 5. f3 Bb4 6. a3 Bxc3+ 7. bxc3 O-O 8. g4
Nbd7 9. c5 b6 10. Bd6 Re8 11. a4 bxc5 12. dxc5 Qa5 13. Qd4 e5 14. Qb4 Qd8 15. h4
e4 16. g5 Nh5 17. f4 Ng3 18. Rh2 Nf5 19. h5 Nxd6 20. cxd6 c5 21. Qb2 Rb8 22. Qd2
Nb6 23. e3 Qxd6 24. a5 Nd7 25. h6 g6 26. Ra2 Rb1+ 27. Kf2 Nf8 28. Rb2 Ra1 29.
Ra2 Rxa2 30. Qxa2 Be6 31. Qb2 Rb8 32. Qa1 Rb3 33. Ne2 Bg4 34. c4 d4 35. exd4
Bxe2 36. Bxe2 cxd4 37. Rh4 Ne6 38. Qa4 e3+ 39. Kf3 Rb4 40. Qe8+ Nf8 41. Qe4 Ra4
42. Qe5 Qxe5 43. fxe5 Ne6 44. Ke4 Rxa5 45. Bd3 Nxg5+ 46. Kxd4 Nf3+ 47. Kc3 Nxh4
48. Kb4 Rxe5 49. c5 e2 50. Bxe2 Rxe2 51. Kb5 Kf8 52. Kc6 Ke7 53. Kb7 Rb2+ 54.
Kxa7 Kd7 55. c6+ Kxc6 56. Ka8 Kc7 57. Ka7 Ra2# {NezosiConstant est échec et mat} 0-1

[Event "Tournament 14471 - Europe Echecs"]
[Site "Europe Echecs"]
[Date "2020.07.09"]
[Round "2"]
[Time "14:34:42"]
[PlyCount "98"]
[White "GresserBaptist"]
[Black "DumonteilDimit"]
[WhiteElo "1791"]
[BlackElo "1439"]
[Mode "WEB"]
[Result "1-0"]

1. e4 c5 2. d4 cxd4 3. c3 dxc3 4. Nxc3 Nc6 5. Nf3 Nf6 6. Bc4 e6 7. O-O Bc5 8. e5
Ng4 9. Bf4 Qb6 10. Ne4 Be7 11. h3 Nh6 12. Qd2 Nf5 13. Rad1 Bc5 14. g4 Nfe7 15.
Nd6+ Bxd6 16. Qxd6 O-O 17. Bd3 Ng6 18. Be3 Qxb2 19. Bd4 Nxd4 20. Nxd4 Qxa2 21.
f4 Qd5 22. Qb4 b6 23. Rde1 Qc5 24. Qa4 Bb7 25. Be4 b5 26. Qa1 Bxe4 27. Rxe4 Rfc8
28. f5 Nxe5 29. fxe6 dxe6 30. Qe1 Nc6 31. Qf2 Nxd4 32. Rxd4 f6 33. Rd8+ Kf7 34.
Qxc5 Rxc5 35. Rxa8 Rc7 36. Rb1 Rb7 37. Rc8 Ke7 38. Rc5 a6 39. Ra1 Ra7 40. Rxb5
axb5 41. Rxa7+ Kd6 42. Rxg7 b4 43. Rxh7 b3 44. Rb7 Kc5 45. Rxb3 e5 46. h4 e4 47.
h5 Kc4 48. Re3 Kd4 49. Re1 {DumonteilDimit a abandonné} 1-0

[Event "Tournament 14471 - Europe Echecs"]
[Site "Europe Echecs"]
[Date "2020.07.09"]
[Round "2"]
[Time "14:34:42"]
[PlyCount "91"]
[White "YaghiLeen"]
[Black "PerardJouaultE"]
[WhiteElo "1438"]
[BlackElo "1791"]
[Mode "WEB"]
[Result "0-1"]

1. e4 e6 2. d4 d5 3. exd5 exd5 4. Nc3 c6 5. Bd3 Bd6 6. Nf3 Nf6 7. O-O O-O 8. Bd2
Bg4 9. h3 Bh5 10. Be2 Nbd7 11. Bg5 h6 12. Bh4 Qc7 13. Bxf6 Nxf6 14. Nh4 Bxe2 15.
Nxe2 Rfe8 16. Nf5 Re6 17. Re1 Rae8 18. b3 Ne4 19. Nxd6 Qxd6 20. Qd3 Nf6 21. c4
Qe7 22. Kf1 Ne4 23. Rac1 Qf6 24. f3 Qf5 25. Kg1 Ng3 26. Qxf5 Nxf5 27. Kf2 dxc4
28. bxc4 Rd8 29. Rcd1 Red6 30. g4 Nxd4 31. Nxd4 Rxd4 32. Rc1 Kf8 33. Rc2 Rd2+
34. Rxd2 Rxd2+ 35. Re2 Rd4 36. Rc2 Ke7 37. Ke3 c5 38. Rc3 Kd6 39. Rd3 Rxd3+ 40.
Kxd3 a6 41. Ke4 b5 42. Kd3 Ke5 43. cxb5 axb5 44. Ke3 g5 45. Kf2 Kf4 {YaghiLeen a perdu au temps} 0-1

[Event "Tournament 14471 - Europe Echecs"]
[Site "Europe Echecs"]
[Date "2020.07.09"]
[Round "2"]
[Time "14:34:42"]
[PlyCount "72"]
[White "TrevisiolAntoi"]
[Black "CombaudonCypri"]
[WhiteElo "1788"]
[BlackElo "1437"]
[Mode "WEB"]
[Result "1-0"]

1. d4 e6 2. c4 d5 3. Nc3 Nf6 4. cxd5 Nxd5 5. e4 Nxc3 6. bxc3 c5 7. Nf3 cxd4 8.
cxd4 Bb4+ 9. Bd2 Bxd2+ 10. Qxd2 O-O 11. Be2 Nc6 12. O-O Bd7 13. Rab1 b6 14. Rfc1
Ne7 15. Ne5 Ng6 16. Nxd7 Qxd7 17. Bb5 Qe7 18. Ba6 Qa3 19. Bc4 Rac8 20. Rb3 Qd6
21. Rbc3 Rfd8 22. d5 Ne5 23. Qc2 Nxc4 24. Rxc4 Rxc4 25. Qxc4 exd5 26. Qxd5 Qxd5
27. exd5 Kf8 28. Rd1 Ke7 29. f4 Kd6 30. Kf2 Kc5 31. Rc1+ Kd4 32. Rc7 Rf8 33. d6
Kd5 34. d7 Kd6 35. Rc8 Ke7 36. Rxf8 {CombaudonCypri a abandonné} 1-0

[Event "Tournament 14471 - Europe Echecs"]
[Site "Europe Echecs"]
[Date "2020.07.09"]
[Round "2"]
[Time "14:34:42"]
[PlyCount "54"]
[White "TulliezAndre"]
[Black "BeurierNathan"]
[WhiteElo "1777"]
[BlackElo "1429"]
[Mode "WEB"]
[Result "1-0"]

1. e4 e5 2. Nf3 Nc6 3. Bc4 Bc5 4. c3 d6 5. O-O Nf6 6. d4 exd4 7. cxd4 Bb6 8. Nc3
O-O 9. h3 h6 10. a3 Bd7 11. Re1 Re8 12. e5 dxe5 13. dxe5 Nh7 14. Qb3 Be6 15.
Bxe6 Rxe6 16. Bf4 Nd4 17. Nxd4 Qxd4 18. Be3 Qd7 19. Rad1 Qe7 20. Nd5 Qe8 21.
Bxb6 Rxb6 22. Nxb6 axb6 23. e6 fxe6 24. Rxe6 Qf7 25. Rd7 Qxd7 26. Re7+ Kf8 27.
Qf7# {BeurierNathan est échec et mat} 1-0

[Event "Tournament 14471 - Europe Echecs"]
[Site "Europe Echecs"]
[Date "2020.07.09"]
[Round "2"]
[Time "14:34:42"]
[PlyCount "145"]
[White "ChevillonCelia"]
[Black "DelestreAnatol"]
[WhiteElo "1433"]
[BlackElo "1768"]
[Mode "WEB"]
[Result "0-1"]

1. e4 c5 2. Nf3 a6 3. d4 cxd4 4. Nxd4 Nf6 5. Nc3 e5 6. Nf5 d5 7. f3 Nc6 8. Bd3
d4 9. Ne2 Nb4 10. Bc4 Bxf5 11. exf5 Rc8 12. Bb3 Nbd5 13. O-O Bc5 14. Kh1 O-O 15.
Bg5 Be7 16. Bxf6 Bxf6 17. Bxd5 Qxd5 18. Ng3 Qc6 19. Rc1 Bg5 20. Rb1 Qxc2 21. Re1
Bf4 22. Re2 Qxd1+ 23. Rxd1 Bxg3 24. hxg3 Rfe8 25. Rde1 f6 26. f4 d3 27. Rd2 e4
28. Kg1 Kf7 29. Re3 Rc5 30. g4 Rc2 31. Rxc2 dxc2 32. Rc3 e3 33. Kf1 Re4 34. Ke2
Rxf4 35. Kxe3 Rxg4 36. Rxc2 h5 37. Kf3 b5 38. Rc7+ Kg8 39. Ra7 Rg5 40. Rxa6
Rxf5+ 41. Kg3 Rc5 42. Ra5 Rg5+ 43. Kh2 Kf7 44. a3 Ke6 45. b3 Kd6 46. a4 bxa4 47.
Rxa4 Kc5 48. Ra8 Kb4 49. Rb8+ Rb5 50. Rxb5+ Kxb5 51. Kg3 Kb4 52. Kh4 g6 53. g3
Kxb3 54. Kh3 Kc3 55. Kg2 Kd3 56. Kf3 Kd4 57. Kf4 Kd3 58. Kf3 g5 59. Kf2 Ke4 60.
Kg2 Ke3 61. Kh3 Kf3 62. Kh2 g4 63. Kg1 Kxg3 64. Kh1 f5 65. Kg1 h4 66. Kh1 f4 67.
Kg1 h3 68. Kh1 Kf2 69. Kh2 g3+ 70. Kh1 g2+ 71. Kh2 g1=Q+ 72. Kxh3 Qg3# {ChevillonCelia est échec et mat} 0-1

[Event "Tournament 14471 - Europe Echecs"]
[Site "Europe Echecs"]
[Date "2020.07.09"]
[Round "2"]
[Time "14:34:42"]
[PlyCount "108"]
[White "MaziarzPierre"]
[Black "VuDinhAdrien"]
[WhiteElo "1424"]
[BlackElo "1740"]
[Mode "WEB"]
[Result "1-0"]

1. d4 Nf6 2. c4 g6 3. Nc3 d5 4. cxd5 Nxd5 5. Bd2 Bg7 6. e4 Nxc3 7. Bxc3 O-O 8.
Nf3 Bg4 9. Be2 c5 10. d5 Bxc3+ 11. bxc3 Qa5 12. Qd2 Nd7 13. c4 Qxd2+ 14. Nxd2
Bxe2 15. Kxe2 f5 16. Rab1 b6 17. f3 Ne5 18. f4 Nd7 19. e5 Kf7 20. e6+ Ke8 21.
exd7+ Kxd7 22. Nf3 e6 23. Ne5+ Kd6 24. Rbd1 g5 25. g3 gxf4 26. gxf4 Rg8 27. Rhg1
Raf8 28. Rxg8 Rxg8 29. dxe6+ Kxe6 30. Kf2 Rg7 31. Kf3 Rb7 32. a4 a6 33. Rb1 Kd6
34. Rd1+ Ke6 35. Nd3 Kf6 36. Rb1 Ke6 37. Nxc5+ bxc5 38. Rxb7 a5 39. Rb5 Kf6 40.
Rxa5 Kg6 41. Rxc5 Kh5 42. a5 Kh4 43. Rxf5 h5 44. Rxh5+ Kxh5 45. a6 Kh6 46. a7
Kg6 47. a8=Q Kf5 48. Qd5+ Kf6 49. Ke4 Kg6 50. Qg5+ Kf7 51. Ke5 Ke8 52. Qg7 Kd8
53. Kd6 Kc8 54. Qc7# {VuDinhAdrien est échec et mat} 1-0

[Event "Tournament 14471 - Europe Echecs"]
[Site "Europe Echecs"]
[Date "2020.07.09"]
[Round "2"]
[Time "14:34:42"]
[PlyCount "38"]
[White "GardeGuillaume"]
[Black "PiquardYarosla"]
[WhiteElo "1716"]
[BlackElo "1415"]
[Mode "WEB"]
[Result "1-0"]

1. e4 c6 2. d4 d5 3. Nc3 dxe4 4. Nxe4 Bf5 5. Ng3 Bg6 6. Nh3 e6 7. Nf4 Nf6 8. h4
h6 9. Nxg6 fxg6 10. Bd3 Kf7 11. O-O Bd6 12. c3 Nd5 13. Qg4 Ne7 14. Re1 Qc8 15.
Ne4 Rd8 16. Nxd6+ Rxd6 17. Qf4+ Nf5 18. Bxf5 gxf5 19. Qxd6 {PiquardYarosla a abandonné} 1-0